000 00882cam a2200229 a 4500
001 1636236
003 OSt
005 20240625155553.0
008 961120s1997 enka b 001 0 eng
020 _a0521573742
040 _aDDC
_cMUST
082 0 0 _a363.3 ZEB 1997
_219
100 1 _aZebrowski, Ernest.
_917887
245 1 0 _aPerils of a restless planet :
_bscientific perspectives on natural disasters /
_cErnest Zebrowski, Jr.
260 _aCambridge, UK ;
_aNew York :
_bCambridge University Press,
_c1997.
300 _axi, 306 p. :
_bill. ;
_c24 cm.
504 _aIncludes bibliographical references and index.
650 0 _aNatural disasters.
_2Natural Disasters
_915304
856 4 1 _3Table of contents
_uhttp://www.loc.gov/catdir/toc/cam023/96037794.html
856 4 2 _3Publisher description
_uhttp://www.loc.gov/catdir/description/cam028/96037794.html
942 _2ddc
_cO_SHELF
999 _c8851
_d8851